| 000 -LEADER |
| fixed length control field |
00596nam a22002057a 4500 |
| 005 - DATE AND TIME OF LATEST TRANSACTION |
| control field |
20150330060804.0 |
| 008 - FIXED-LENGTH DATA ELEMENTS--GENERAL INFORMATION |
| fixed length control field |
080424s2008 nyua b 001 0 eng |
| 020 ## - INTERNATIONAL STANDARD BOOK NUMBER |
| International Standard Book Number |
9780071488525 |
| 041 0# - LANGUAGE CODE |
| Language code of text/sound track or separate title |
eng |
| 080 ## - UNIVERSAL DECIMAL CLASSIFICATION NUMBER |
| Universal Decimal Classification number |
621.382 |
| 100 1# - Rafti |
| Rafti |
Russell, Travis. |
| 245 10 - TITLE STATEMENT |
| Title |
Session Initiation Protocol (SIP) : |
| Statement of responsibility, etc |
Travis Russell. |
| 260 ## - |
| -- |
New York : |
| -- |
McGraw-Hill, |
| -- |
2008. |
| 300 ## - |
| -- |
264 f. : |
| -- |
me il.; |
| -- |
25 cm. |
| 440 #0 - |
| -- |
McGraw-Hill communications |
| 505 ## - |
| -- |
Index: f. 251 - 264 |
| 650 #0 - |
| -- |
Paisje elektronike |
| 650 #0 - |
| -- |
Rrjetat |
| 942 ## - ADDED ENTRY ELEMENTS (KOHA) |
| Source of classification or shelving scheme |
|
| Item type |
Books |